000 00326pam a2200157a 44500
008 230515b2007 xxu||||| |||| 00| 0 eng d
020 _a0
041 _aENGL
082 _a617.632/BAN
100 _aBANSAL
245 _aPERIODONTICS
250 _a1ST
260 _aNULL
_bCBS PUB
_c2007
300 _a244
650 _aN.D.
999 _c559948
_d559948